Leyendas rusas de amor (Registro nro. 304254)

Detalles MARC
000 -ENCABEZADO
Número de control [NR] 01056nam a2200265ua 4500
005 - FECHA Y HORA DE LA ÚLTIMA TRANSACCIÓN
control field 20180312142526.0
008 - DE LONGITUD FIJA DE DATOS DE ELEMENTOS - INFORMACIÓN GENERAL
Elementos de longitud fija [NR] 1 s2011 ck a gr 000 jdspa d
020 ## - NUMERO INTERNACIONAL NORMALIZADO PARA LIBROS [R]
Número Internacional Normalizado del libro [NR] 9789583037511
040 ## - FUENTE DE CATALOGACION [NR]
Agencia de catalogación original [NR] CO-BoUCM
Idioma de catalogación [NR] spa
Quien Cataloga Edgar Pinilla
Quien Clasifica Edgar Pinilla
041 ## - CODIGO DE IDIOMA [R]
Código de idioma para texto/pista de sonido o título separado [R] Español
245 00 - MENCION DE TITULO [NR]
Título [NR] Leyendas rusas de amor
Mención de responsabilidad, etc. [NR] adaptación y selección Anastassia Espinel Souares ; ilustraciones Diego Nicoletti.
260 ## - PUBLICACION, DISTRIBUCION, ETC. (PIE DE IMPRENTA) [R]
Lugar de publicación, distribución, etc. [R] Bogotá (Colombia)
Nombre del editor, distribuidor, etc. [R] Panamericana Editorial
Fecha de publicación, distribución, etc. [R] 2011
300 ## - DESCRIPCION FISICA [R]
Extensión [R] 163 páginas
Otros detalles físicos [NR] ilustraciones
490 0# - MENCION DE SERIE [R]
Mención de serie [R] Literatura juvenil. Narrativa
650 04 - ASIENTO SECUNDARIO DE MATERIA - TERMINO TEMATICO [R]
Término temático o nombre geográfico como elemento de entrada [NR] Cuentos rusos
Subdivisión de forma [R] Colecciones
9 (RLIN) 79557
650 04 - ASIENTO SECUNDARIO DE MATERIA - TERMINO TEMATICO [R]
Término temático o nombre geográfico como elemento de entrada [NR] Cuentos amorosos rusos
Subdivisión de forma [R] Colecciones
9 (RLIN) 79557
650 04 - ASIENTO SECUNDARIO DE MATERIA - TERMINO TEMATICO [R]
Término temático o nombre geográfico como elemento de entrada [NR] Leyendas rusas
Subdivisión de forma [R] Colecciones
9 (RLIN) 79556
650 04 - ASIENTO SECUNDARIO DE MATERIA - TERMINO TEMATICO [R]
Término temático o nombre geográfico como elemento de entrada [NR] Literatura rusa
9 (RLIN) 18740
690 #0 - ASUNTO AGREGADO LOCAL DE ENTRADA - TÉRMINO TEMÁTICO (OCLC, RLIN)
Acceso temático local Literatura europea
9 (RLIN) 26524
700 1# - ASIENTO SECUNDARIO - NOMBRE PERSONAL [R]
Nombre personal [NR] Espinel Souares, Anastassia
Término de relación [R] compilador
Fechas asociadas con el nombre [NR] 1970-
9 (RLIN) 79555
700 1# - ASIENTO SECUNDARIO - NOMBRE PERSONAL [R]
Nombre personal [NR] Nicoletti, Diego,
Término de relación [R] ilustrador
9 (RLIN) 85354
700 1# - ASIENTO SECUNDARIO - NOMBRE PERSONAL [R]
Nombre personal [NR] Mahecha López, Javier R.,
Término de relación [R] editor
9 (RLIN) 79559
942 ## - ELEMENTOS DE ENTRADA AGREGADOS (KOHA)
Sistema de clasificación DEWEY
Tipo de ítem principal el descrito en 300a Libro
Tema principal Literatura
Edición 1
Clasificación 891.73
Parte restante de la signatura top. L683e
Título oculto en OPAC No
Existencias
Fecha de último préstamo Total préstamos Total Renewals Signatura topográfica Código de barras Última vez visto Ejemplar Costo de reposición Price effective from Tipo de ítem Nota pública (OPAC) Perdido Sistema de clasificación Dañado No prestable Tipo de ítem específico Suprimido Ubicación habitual Ubicación actual Localización Fecha de creación Proveedor Forma de adquisición Costo
02/05/2026 1 2 891.73 L683e 100150319 23/06/2026 Ej.1 26000.00 19/08/2016 Libro Spot Literatura general   DEWEY     Libro   Quinta de Mutis Quinta de Mutis Mezanecs 19/08/2016 12 Donación 0.00